LEADER 01186cam0-22003371i-450 001 990006148920403321 005 20210514131348.0 035 $a000614892 035 $aFED01000614892 035 $a(Aleph)000614892FED01 035 $a000614892 100 $a19980601d1845----km-y0itay50------ba 101 0 $aita 102 $aIT 105 $ay-------001yy 200 1 $aDella scienza del ben vivere sociale e della economia degli Stati$eparte storica e di preliminari dottrine$fLodovico Bianchini 210 $aPalermo$cF. Lao$d1845 215 $aXVI, 508 p.$d24 cm 451 0$1001990006148930403321 610 0 $aEconomia$aStoria$aSec. 15.-16. 676 $a336 700 1$aBianchini,$bLodovico$f<1803-1871>$04265 801 0$aIT$bUNINA$gRICA$2UNIMARC 856 4 $zVisualizza la versione elettronica in SBNWeb$uhttps://books.google.it/books?id=SNJM--N0QFIC&printsec=frontcover&hl=it&source=gbs_ge_summary_r&cad=0#v=onepage&q&f=false$e20210514 901 $aBK 912 $a990006148920403321 952 $aXV F 595$b959$fFGBC 959 $aFGBC 996 $aDella scienza del ben vivere sociale e della economia degli Stati$9645851 997 $aUNINA DB $aGIU01 LEADER 01721nam 2200349 450 001 9910720892303321 005 20230703150345.0 035 $a(CKB)5710000000124336 035 $a(NjHacI)995710000000124336 035 $a(EXLCZ)995710000000124336 100 $a20230703d1987 uy 0 101 0 $ager 135 $aur||||||||||| 181 $ctxt$2rdacontent 182 $cc$2rdamedia 183 $acr$2rdacarrier 200 10$aBesteuerung, Inflation und Kapitalallokation $eIntersektorale und internationale Aspekte /$fHans-Heinrich Nachtkamp 210 1$aBern :$cPeter Lang International Academic Publishing Group,$d1987. 215 $a1 online resource (281 pages) 327 $aAus dem Schanz-Haig-Simons -- vs. Cash-Flow-Besteuerung -- Steuerinduzierte Kapitalstro?me -- Scheingewinnbesteuerung -- Investitionsneutrale Steuern -- Allokative Wirkungen steuerlicher Abschreibungssysteme und investitionsfo?rdernder Massnahmen. 330 $aIm Mittelpunkt der Arbeit stehen die Auswirkungen steuerlicher Abschreibungen und investitionsfo?rdernder Massnahmen auf die intersektorale und internationale Kapitalallokation. Der Autor analysiert sowohl bestehende steuerliche Vorschriften als auch Reformvorschla?ge (z.B. Cash-Flow-Steuersysteme) und stellt Regelungen vor, die steuerinduzierte Fehlallokationen vermeiden. 517 $aBesteuerung, Inflation und Kapitalallokation 606 $aInflation (Finance) 615 0$aInflation (Finance) 676 $a332.41 700 $aNachtkamp$b Hans-Heinrich$01281134 801 0$bNjHacI 801 1$bNjHacl 906 $aBOOK 912 $a9910720892303321 996 $aBesteuerung, Inflation und Kapitalallokation$93018201 997 $aUNINA